• 首页
  • 本馆介绍
  • 公告通知
  • 最新文献
  • 馆藏检索
  • 电子资源
  • 读者导购
  • 参考咨询
  • 我的图书馆
  • 登录
  • 详细信息显示
  • 放入我的书架
  • 预约/预借图书
  • 作者相关作品
  • 分类相关作品
  • 丛书相关作品
  • 出版社相关作品

书目信息

  • 表格格式
  • 工作单格式
  • 卡片格式
题名:
中子引发轻核反应的统计理论
    
 
作者: 张竞上 著
分册:  
出版信息: 北京   科学出版社  2015
页数: 392页
开本: 24cm
丛书名: 现代物理基础丛书
单 册:
中图分类: O571.42
科图分类:
主题词: 轻核--应用统计学--中子反应--核反应
电子资源:
ISBN: 978-7-03-043975-8
000 01004nam0 2200253 450
001 1809
005 20161201142414.23
010    @a978-7-03-043975-8@dCNY148.00
100    @a20150604d2015 em y0chiy50 ea
101 0  @achi
102    @aCN@b110000
105    @ay z 001yy
200 1  @a中子引发轻核反应的统计理论@9zhong zi yin fa qing he fan ying de tong ji li lun@f张竞上著
205    @a2版
210    @a北京@c科学出版社@d2015
215    @a392页@d24cm
225 2  @a现代物理基础丛书@v66
330    @a本书从复合核到分立能级的预平衡的发射过程,给出考虑Pauli原理和费米运动的单粒子发射双微分截面公式,以及复杂粒子发射率中的预形成概率和复杂粒子出射的双微分截面公式,并建立粒子的有序发射和无序发射过程中严格的运动学公式,保证了能量平衡,并验证了理论计算结果的准确性。
461  0 @1001002608861
606 0  @a轻核@x应用统计学@x中子反应@x核反应
690    @aO571.42@v5
701  0 @a张竞上@9zhang jing shang@4著
801  0 @aCN@b大连网信软件有限公司图书馆·11@c20161201
905    @aZUCC@dO571.42@e53=2
    
    中子引发轻核反应的统计理论/张竞上著.-2版.-北京:科学出版社,2015
    392页;24cm.-(现代物理基础丛书;66)
    
    
    ISBN 978-7-03-043975-8:CNY148.00
    本书从复合核到分立能级的预平衡的发射过程,给出考虑Pauli原理和费米运动的单粒子发射双微分截面公式,以及复杂粒子发射率中的预形成概率和复杂粒子出射的双微分截面公式,并建立粒子的有序发射和无序发射过程中严格的运动学公式,保证了能量平衡,并验证了理论计算结果的准确性。
●
相关链接 在E读中查询图书 在五车中查询图书 在当当中查询图书 在豆瓣中查询图书


正题名:中子引发轻核反应的统计理论     索取号:O571.42/53=2         预约/预借

序号 登录号 条形码 馆藏地/架位号 状态 备注
1 910043   209100435   第二样本阅览室/ [索取号:O571.42/53=2] 在馆    
2 910044   209100444   第三借阅区/ [索取号:O571.42/53=2] 在馆    
3 910045   209100453   第三借阅区/ [索取号:O571.42/53=2] 在馆    
4 910046   209100462   密集书库-物理学院/ [索取号:O571.42/53=2] 在馆    
唐山师范学院图书馆 欢迎您!
大连网信软件有限公司© 版权所有